|
|
|
|
| LEADER |
00849nam a2200301 4500 |
| 001 |
DLU140162190 |
| 005 |
##20140618 |
| 022 |
# |
# |
|a 0093-3139
|
| 040 |
# |
# |
|a DLU
|
| 041 |
# |
# |
|a eng
|
| 210 |
# |
# |
|a Coll. lit.
|
| 222 |
# |
# |
|a College literature
|
| 245 |
# |
# |
|a College literature.
|
| 260 |
# |
# |
|a West Chester, Pa. :
|b West Chester University,
|
| 300 |
# |
# |
|a v. ;
|c 23 cm.
|
| 310 |
# |
# |
|a Three times a year
|
| 362 |
# |
# |
|a Vol. 1, no. 1 (winter 1974)-
|
| 650 |
# |
# |
|a American literature
|x History and criticism
|v Periodicals.
|
| 650 |
# |
# |
|a English literature
|x History and criticism
|v Periodicals.
|
| 710 |
# |
# |
|a West Chester State College.
|
| 710 |
# |
# |
|a West Chester University of Pennsylvania.
|
| 900 |
# |
# |
|a True
|
| 911 |
# |
# |
|a Trương Bảo Trâm Anh
|
| 925 |
# |
# |
|a G
|
| 926 |
# |
# |
|a A
|
| 927 |
# |
# |
|a TT
|
| 980 |
# |
# |
|a Thư viện Trường Đại học Đà Lạt
|